000 01350nam a2200361 4500
001 0000023972
003 CO-CtgCURN
005 20260317003945.0
007 ta
008 160627s2014 000 0 eng d
020 _a9789587691580
040 _aCO-CtgCURN
_bspa
_ccoctgcurn
082 0 _a345.861
_bC718
110 2 _aColombia.
245 1 0 _aCódigo penal :
_banotado /
_cMario Arboleda Vallejo.
250 _a35a ed.
256 _aCódigo penal: Ley 599 de 2000. Ley 906 de 2004. Cuadro de penas con ambitos de movilidad.
260 _aBogotá :
_bLeyer,
_c2014.
300 _axiv, 780, lxviii p.
336 _2rdacontent
337 _2rdamedia
_asin mediacion
_bn
338 _2rdacarrier
_avolumen
_bnc
500 _aIncluye anexos e indices.
505 8 _aDe las normas rectoras de la ley penal colombiana -- De los delitos en particular: delitos contra la vida y la integridad personal
650 1 4 _aDerecho penal
_vLegislacion
_zColombia.
700 1 _aArboleda Vallejo, Mario.
908 _a160627
942 _cBK
_h345.861
_iC718
_2ddc
999 _c19486
_d19486